Filosfofía Contemporanea (Registro nro. 6031)
[ vista simple ]
| 000 -LEADER | |
|---|---|
| fixed length control field | 01088 a2200205 4500 |
| 001 - CONTROL NUMBER | |
| control field | 56746 |
| 005 - DATE AND TIME OF LATEST TRANSACTION | |
| control field | 20260407155831.0 |
| 008 - FIXED-LENGTH DATA ELEMENTS--GENERAL INFORMATION | |
| fixed length control field | 260407a1953 arg spa d |
| 003 - CONTROL NUMBER IDENTIFIER | |
| control field | AR-UNSa-BCEJYS |
| 040 ## - CATALOGING SOURCE | |
| Original cataloging agency | AR-UNSa-BCEJYS |
| Language of cataloging | spa |
| Transcribing agency | AR-UNSa-BCEJYS |
| 080 ## - UNIVERSAL DECIMAL CLASSIFICATION NUMBER | |
| Universal Decimal Classification number | 101 |
| Common auxiliary subdivision | Naturaleza y papel de la filosofía |
| 100 1# - MAIN ENTRY--PERSONAL NAME | |
| Personal name | Romero, Francisco |
| 245 10 - TITLE STATEMENT | |
| Title | Filosfofía Contemporanea |
| Name of part/section of a work | Estudios y Notas |
| 250 ## - EDITION STATEMENT | |
| Edition statement | 3a. ed. |
| 264 #1 - PRODUCTION, PUBLICATION, DISTRIBUTION, MANUFACTURE, AND COPYRIGHT NOTICE | |
| Place of production, publication, distribution, manufacture | Buenos Aires : |
| Name of producer, publisher, distributor, manufacturer | Losada |
| Date of production, publication, distribution, manufacture, or copyright notice | 1953 |
| 300 ## - PHYSICAL DESCRIPTION | |
| Extent | 174 p. |
| Dimensions | 21 cm. |
| 505 ## - FORMATTED CONTENTS NOTE | |
| Formatted contents note | 1. Un filósofo de la problematicidad – 2. Temporalismo – 3. Dos concepciones de la realidad – 4. Descartes y Husserl – 5. Pérdida y recuperación del sujeto en Husserl – 6. R. Muller-Freienfls y los valores – 7. Los problemas de la filosofía de la cultura – 8. Las etapas de la psicología – 9. Ideas sobre el espíritu – 10. La otra sustancia – 11. Max Scheler y “El puesto del hombre en el cosmos” – 12. Actualidad de la ontología – 13. La teoría de la forma – 14. La caracterología |
| 590 ## - LOCAL NOTE (RLIN) | |
| Local note | niveau_biblio:m niveau_hierar:0 |
| 942 ## - ADDED ENTRY ELEMENTS (KOHA) | |
| Koha item type | |
| Withdrawn status | Lost status | Damaged status | Not for loan | Home library | Current library | Shelving location | Date acquired | Total checkouts | Full call number | Barcode | Date last seen | Price effective from | Koha item type |
|---|---|---|---|---|---|---|---|---|---|---|---|---|---|
| Biblioteca Prof. Eusebio Cleto del Rey | Biblioteca Prof. Eusebio Cleto del Rey | 07/04/2026 | 101 R763 | L20568 | 07/04/2026 | 07/04/2026 | Libro |